| 000 | 00516nam a2200181Ia 4500 | ||
|---|---|---|---|
| 005 | 20250326140518.0 | ||
| 008 | 250326s9999 xx 000 0 und d | ||
| 037 | _aTextbook | ||
| 040 |
_aFMSL _beng _cFMSL |
||
| 041 |
_aeng _2eng |
||
| 084 |
_aX:8D L8;5 _qFMSL |
||
| 100 | _aSolomon Ezra | ||
| 245 | 0 |
_aIntroduction to ficial management _cSolomon Ezra; Pringle John J |
|
| 260 |
_aN D _bN D, Prentice Hall of India _c1978 |
||
| 300 | _ax,614 | ||
| 942 |
_cTB _hX:8D L8;5 |
||
| 999 |
_c1286123 _d1286123 |
||